UM Logo

Panitikan : (Record no. 18940)

MARC details
000 -LEADER
fixed length control field 00672nam a22001697a 4500
008 - FIXED-LENGTH DATA ELEMENTS--GENERAL INFORMATION
fixed length control field 240206b ||||| |||| 00| 0 eng d
020 ## - INTERNATIONAL STANDARD BOOK NUMBER
International Standard Book Number 9789718219386
082 ## - DEWEY DECIMAL CLASSIFICATION NUMBER
Edition number 2020
Classification number DFil 899.211
Item number Sa852
100 ## - MAIN ENTRY--PERSONAL NAME
Personal name Sauco, Consolacion P.
9 (RLIN) 50249
245 ## - TITLE STATEMENT
Title Panitikan :
Remainder of title yaman ng kalinangan at kulturang Pilipino /
Statement of responsibility, etc. Consolacion P. Sauco, Norma C. Mendoza and Edwin R. Mabilin.
260 ## - PUBLICATION, DISTRIBUTION, ETC. (IMPRINT)
Place of publication, distribution, etc. Malabon City :
Name of publisher, distributor, etc. Mutya Publishing House, Inc.,
Date of publication, distribution, etc. © 2020.
300 ## - PHYSICAL DESCRIPTION
Extent xi, 332 pages :
Other physical details illustrations ;
Dimensions 25 cm.
650 ## - SUBJECT ADDED ENTRY--TOPICAL TERM
Topical term or geographic name as entry element Literature
Geographic subdivision Philippines.
9 (RLIN) 51538
700 ## - ADDED ENTRY--PERSONAL NAME
Personal name Mendoza, Norma C.
Relator term author.
9 (RLIN) 51539
700 ## - ADDED ENTRY--PERSONAL NAME
Personal name Mabilin, Edwin R.
Relator term author.
9 (RLIN) 51540
942 ## - ADDED ENTRY ELEMENTS (KOHA)
Source of classification or shelving scheme Dewey Decimal Classification
Koha item type Filipiniana
Holdings
Withdrawn status Lost status Source of classification or shelving scheme Damaged status Not for loan Collection code Home library Current library Date acquired Source of acquisition Cost, normal purchase price Total Checkouts Full call number Barcode Date last seen Copy number Price effective from Koha item type
    Dewey Decimal Classification     Filipiniana UM Digos College - LIC UM Digos College - LIC 08/08/2023 Purchased 874.00   DFil 899.211 Sa852 2020 27728 05/15/2025 2 02/06/2024 Filipiniana
    Dewey Decimal Classification     Filipiniana UM Digos College - LIC UM Digos College - LIC 08/08/2023 Purchased 874.00   DFil 899.211 Sa852 2020 27727 05/15/2025 1 02/06/2024 Filipiniana